00566pab a2200181 454500008004000000100002600040245005200066260000900118300001100127362001100138650003100149650002900180650002300209773002000232909001000252999001700262952010500279180718b2006 xxu||||| |||| 00| 0 eng d aTilak, Jandhyala B.G. aOn reforming higher education in Andhra Pradesh c2006 ap.1-5. a31 Jul aEducational reform - India aHigher education - India aEducational reform aUniversity News a70658 c70658d70658 00104070aIIPAbIIPAd2018-07-19hVolume no: 44, Issue no: 31pAR71118r2018-07-19w2018-07-19yAR